Language Knowledge - Japanese #1 - Statistics

General Stats
  • This quiz has been taken 793 times
  • The average score is 10 of 15
Answer Stats
Japanese English % Correct
Konnichiwa Hello
99%
Sayonara Goodbye
96%
Kawaii Cute
93%
Neko Cat
92%
Nihongo Japanese
87%
Inu Dog
83%
Suimasen Sorry
77%
Kuruma Car
73%
Sugoi Amazing
59%
Anime Animation
59%
Sora Sky
59%
Chugoku China
51%
Mori Forest
46%
Shinda Died
40%
Kuni Country
36%
No matching quizzes found
Score Distribution
Percent of People with Each Score
Percentile by Number Answered
Your Score History
You have not taken this quiz